Analýza pomerových finančných ukazovateľov vybraného podniku diplomová práca
Guardado en:
| Autor principal: | |
|---|---|
| Autor Corporativo: | |
| Otros Autores: | |
| Formato: | Libro |
| Lenguaje: | eslovaco |
| Publicado: |
Bratislava
2018
|
| Etiquetas: |
Sin Etiquetas, Sea el primero en etiquetar este registro!
|
MARC
| LEADER | 00000nbm a2200000 4500 | ||
|---|---|---|---|
| 001 | 0244315 | ||
| 005 | 20181123114351.9 | ||
| 041 | 0 | |a slo | |
| 044 | |a SK | ||
| 245 | 1 | 0 | |a Analýza pomerových finančných ukazovateľov vybraného podniku |b diplomová práca |c Jasmina Hodermarská ; školiteľ: Katarína Belanová |
| 264 | 1 | |a Bratislava |c 2018 | |
| 300 | |a 70 s. | ||
| 100 | 1 | |a Hodermarská, Jasmina | |
| 700 | 1 | |a Belanová, Katarína, 1978- | |
| 710 | 2 | |a Národohospodárska fakulta EU. Katedra financií | |